The end of organized capitalism
Αποθηκεύτηκε σε:
| Κύριος συγγραφέας: | |
|---|---|
| Άλλοι συγγραφείς: | |
| Μορφή: | Βιβλίο |
| Γλώσσα: | English |
| Δημοσίευση: |
Cambridge :
Polity Press,
c1987
|
| Θέματα: | |
| Ετικέτες: |
Προσθήκη ετικέτας
Δεν υπάρχουν, Καταχωρήστε ετικέτα πρώτοι!
|
MARC
| LEADER | 00000nam a2200000 i 4500 | ||
|---|---|---|---|
| 001 | 1/64965 | ||
| 008 | 990107s1987 eng d | ||
| 020 | |a 0-7456-0069-7 | ||
| 035 | |l 10047054 | ||
| 040 | |a GR-MY-UA |b gre |e aacr | ||
| 041 | 0 | |a eng | |
| 082 | 0 | |a 330.122 | |
| 100 | 1 | |a Lash, Scott. | |
| 245 | 1 | 4 | |a The end of organized capitalism / |c Scott Lash and John Urry |
| 260 | |a Cambridge : |b Polity Press, |c c1987 | ||
| 300 | |a 383 σ.; |c 24 εκ. | ||
| 500 | |a Το Παράρτημα Λέσβου διαθέτει την ανατύπωση του 2004 | ||
| 504 | |a Περιέχει βιβλιγραφικές παραπομπές και ευρετήριο | ||
| 650 | 0 | 0 | |a Capitalism. |
| 650 | 0 | 0 | |a Organizational change. |
| 650 | 0 | 0 | |a Decentralization in management. |
| 700 | 1 | |a Urry, John. | |
| 852 | |a INST |b LESVOS |e 19990107 |h 330.122 LAS |p 005100017214 |q 005100017214 |t BK |y 0 | ||
| 852 | |a INST |b LESVOS |e 20080207 |h 330.122 LAS |p 005100038840 |q 005100038840 |t BK |y 0 | ||
| 901 | |a BIBL-1999-1 | ||
| 901 | |a BIBL1-2008-1 | ||
| 909 | |a Λ |b 061435 | ||
| 909 | |a Λ |b 142993 | ||
| 922 | |a 1ΕΛΗ |b 199811 |c ΚΠΣ/ΤΚ |d ΠΑΠΑΣΩΤΗΡΙΟΥ | ||
| 922 | |a 1ΕΛΗ |b 200711 |c ΕΠΕΑΕΚ2/ΤΚ |d ΠΑΠΑΣΩΤΗΡΙΟΥ | ||
| 950 | |a 103-1998-07-27 | ||